Central Library OPAC University of Rajshahi

Law of family courts, presenting the West Pakistan family courts act, 1964, and the West Pakistan family court rules, 1965, with amendments, notifications and case law todate along with appendix / (Record no. 46596)

MARC details
000 -LEADER
fixed length control field 00885nam a2200241 a 4500
001 - CONTROL NUMBER
control field 46596
003 - CONTROL NUMBER IDENTIFIER
rucl marc code BD-RjUL
005 - DATE AND TIME OF LATEST TRANSACTION
control field 20211209054157.0
008 - FIXED-LENGTH DATA ELEMENTS--GENERAL INFORMATION
fixed length control field 160803s1966 pk k 000 0 eng
035 ## - SYSTEM CONTROL NUMBER
System control number (BD-RjUL)46715
040 ## - CATALOGING SOURCE
Original cataloging agency DLC
Transcribing agency CarP
Modifying agency BD-RjUL
Language of cataloging eng
041 ## - LANGUAGE CODE
Language code of text/sound track or separate title eng
082 ## - DEWEY DECIMAL CLASSIFICATION NUMBER
Classification number 346.54910150269
Author mark and year ALL 1966
100 1# - MAIN ENTRY--PERSONAL NAME
Personal name Ali, Syed Anwer.
9 (RLIN) 142116
245 10 - TITLE STATEMENT
Title Law of family courts, presenting the West Pakistan family courts act, 1964, and the West Pakistan family court rules, 1965, with amendments, notifications and case law todate along with appendix /
250 ## - EDITION STATEMENT
Edition statement 1st ed.
260 ## - PUBLICATION, DISTRIBUTION, ETC. (IMPRINT)
Place of publication, distribution, etc. Karachi :
Name of publisher, distributor, etc. Syed Publications,
Date of publication, distribution, etc. 1966
300 ## - PHYSICAL DESCRIPTION
Pagination vxiii, 112 p.:
Illustrations forms.;
Size 26 cm.
650 #0 - SUBJECT ADDED ENTRY--TOPICAL TERM
Topical term or geographic name as entry element Domestic relations courts
Geographic subdivision Pakistan.
9 (RLIN) 142117
710 1# - ADDED ENTRY--CORPORATE NAME
Corporate name or jurisdiction name as entry element West Pakistan.
Form subheading Laws, statutes, etc. [from old catalog]
9 (RLIN) 142118
942 ## - ADDED ENTRY ELEMENTS (KOHA)
Source of classification or shelving scheme Dewey Decimal Classification
Koha item type Books
Holdings
Lost status Source of classification or shelving scheme Damaged status Not for loan Collection code Permanent Location Current Location Shelving location Date acquired Source of acquisition Cost, normal purchase price Total Checkouts Full call number Date last seen Copy number Koha item type
  Dewey Decimal Classification     Non-fiction Central Library, University of Rajshahi Central Library, University of Rajshahi   24/02/1967 Pak.law house 6.00   346.54910150269 ALL 1966 03/08/2016 C-2 Books